| 000 | 00820nas a2200253 4500 | ||
|---|---|---|---|
| 001 | BR2014007901 | ||
| 003 | BR-BrBNA | ||
| 005 | 20231205124926.0 | ||
| 007 | ta | ||
| 008 | 230509b bl.|||p| |||| 00| 00por d | ||
| 040 |
_aBR-BrBNA _bpor _cBiblioteca Nacional de Agricultura |
||
| 041 | _a(Pt) | ||
| 072 | _aP10; T01 | ||
| 100 | 1 | _aAssis, O.B>G. | |
| 100 | 1 | _aVieira, D. do C. | |
| 245 | 1 | _aAvaliação de vidro reciclado granulado como meio filtrante de herbicidas em meio aquoso | |
| 650 | _aPOLUIÇÃO DA ÁGUA | ||
| 650 | _aFILTRAÇÃO | ||
| 650 | _aPROCESSAMENTO | ||
| 650 | _aATRAZINA | ||
| 773 | 0 |
_tRevista Brasileira de Engenharia Agrícola e Ambiental (Brasil) _xISSN 1415-4366 _g(May-Jun 2009), v. 13(3) p. 341-345 _wBR2014007901 |
|
| 909 |
_a202311 _bLúcia _c55 _dLúcia Elande |
||
| 942 |
_2AGRIS _n0 _cANA |
||
| 999 |
_c241648 _d241648 |
||